Länder mit dem höchsten Bevölkerungswachstum - Statistiken

Allgemein
  • Dieses Quiz wurde 98 mal gespielt
  • Das Durchschnittsergebnis liegt bei 13 aus 20
Antwortstatistiken
Nr. Wachstum Land % Korrekt
1 3,7% Niger
95%
4 3,2% DR Kongo
89%
6 3,2% Tschad
77%
5 3,2% Mali
75%
15 2,6% Sudan
75%
2 3,2% Uganda
71%
20 2,6% Äthiopien
70%
8 3,0% Tansania
68%
19 2,6% Kamerun
66%
3 3,2% Angola
64%
17 2,6% Mauretanien
64%
16 2,6% Senegal
63%
7 3,1% Somalia
63%
14 2,7% Burkina Faso
59%
10 2,8% Mosambik
57%
13 2,7% Burundi
54%
11 2,8% Sambia
54%
12 2,7% Benin
48%
18 2,6% Malawi
48%
9 2,9% Afghanistan
17%
Keine übereinstimmenden Quizze gefunden
Verteilung der Resultate
Anzahl Personen mit jedem Resultat
Perzentil nach korrekt beantworteten Fragen
Ihre Resultats-Entwicklung
Sie haben dieses Quiz noch nicht gespielt